000 00278nam a2200109 4500
008 180219b xxu||||| |||| 00| 0 eng d
245 _aALS for drug surrenderers.
260 _aDavao City
_bSun Star Davao
_cc2017
300 _apage 9.
650 0 _926639
_aDrugs.
942 _2ddc
_cPER
999 _c8740
_d8740